ZAKĀt, SADAQA OG DEN ISLAMISKE EKSPANSION

Saved in:  
Bibliographic Details
Main Author: Simonsen, Jørgen Baek (Author)
Format: Print Article
Language:Swedish
Check availability: HBZ Gateway
Interlibrary Loan:Interlibrary Loan for the Fachinformationsdienste (Specialized Information Services in Germany)
Published: 1985
In: Religion och samhälle i Mellanöstern
Year: 1985, Pages: 31-36

MARC

LEADER 00000naa a22000002c 4500
001 1910769665
003 DE-627
005 20241204032910.0
007 tu
008 241204s1985 xx ||||| 00| ||swe c
020 |a 9186668064 
035 |a (DE-627)1910769665 
035 |a (DE-599)KXP1910769665 
040 |a DE-627  |b ger  |c DE-627  |e rda 
041 |a swe 
084 |a 0  |2 ssgn 
100 1 |a Simonsen, Jørgen Baek  |e VerfasserIn  |4 aut 
245 1 0 |a ZAKĀt, SADAQA OG DEN ISLAMISKE EKSPANSION 
264 1 |c 1985 
336 |a Text  |b txt  |2 rdacontent 
337 |a ohne Hilfsmittel zu benutzen  |b n  |2 rdamedia 
338 |a Band  |b nc  |2 rdacarrier 
773 0 8 |i Enthalten in  |t Religion och samhälle i Mellanöstern  |d [Helsingborg] : Plus Ultra, 1985  |g (1985), Seite 31-36  |h 311 S.  |w (DE-627)1624107567  |w (DE-576)012574724  |z 9186668064  |7 nnam 
773 1 8 |g year:1985  |g pages:31-36 
935 |a mteo 
951 |a AR 
ELC |b 1 
ITA |a 1  |t 1 
LOK |0 000 xxxxxcx a22 zn 4500 
LOK |0 001 4630773622 
LOK |0 003 DE-627 
LOK |0 004 1910769665 
LOK |0 005 20241204032910 
LOK |0 008 241204||||||||||||||||ger||||||| 
LOK |0 035   |a (DE-Tue135)1624107567_1985_31 
LOK |0 040   |a DE-Tue135  |c DE-627  |d DE-Tue135 
LOK |0 092   |o n 
LOK |0 852   |a DE-Tue135 
LOK |0 852 1  |9 00 
LOK |0 935   |a imwa  |a ixau  |a rwrk 
LOK |0 939   |a 04-12-24  |b l01 
ORI |a SA-MARC-ixtheoa001.raw 
REL |a 1 
SUB |a REL